Score 0/24 Timer 05:00
3 Plays Today
Question Answer Wrong Answers
Playing Card Suits Star (Geometric Shape)
98.4%
Clubs
0.4%
Spade
0.4%
Heart
0.6%
Internet Browsers Vodafone (Telecommunications)
84.7%
Google Chrome
0.6%
Internet Explorer
1%
Safari
12.2%
Currency Ampersand (Punctuation)
83.3%
Pound
3.8%
Yen
5.4%
Cent
5.6%
Musical notation Square root (Mathematics)
80.2%
Forte
3.6%
Quarter rest
6.2%
Quaver
9.7%
MLB New York Times (Newspaper)
76.4%
Boston Red Sox
6.8%
Detroit Tigers
2.6%
Oakland Athletics
7%
Auto Brands Bosch (Appliances/Engineering)
75.3%
Hyundai
1.6%
Lincoln
6.7%
Citroën
10.8%
Greek Alphabet Zhe (Cyrillic Alphabet)
73.9%
Lambda
6.3%
Beta
8.4%
Omega
6.7%
Television Broadcasters Cisco (Networking Hardware)
73.9%
PBS
4%
CBS
5.8%
CBC
11.1%
Luxury Brands Command Key/Point of Interest symbol
70.2%
Chanel
4.3%
Fendi
15.9%
Gucci
2.8%
Hotel Chains General Mills (Food Processing)
68.7%
Sheraton
7.8%
Ritz-Carlton
10.1%
Marriott
9.1%
Restaurant Chains Washington Nationals (MLB)
68.2%
Quiznos
9.1%
Boston Pizza
16.8%
Popeyes
4.7%
Banks Girl Scouts (Youth Organization)
67.6%
Chase
5.9%
Deutsche Bank
13.6%
HSBC
6.7%
Grocery Chains Fruit of the Loom (Apparel)
66.9%
Woolworths
5.3%
Safeway
17.3%
Carrefour
7.4%
NHL Goodyear (Tire Company)
62.2%
New Jersey Devils
10.9%
Ottawa Senators
12.4%
Tampa Bay Lightning
10.9%
Computer Ports Atari (Game Company)
59%
USB
13%
Ethernet
9.9%
Serial
10.6%
Clothing Brands Jaguar (Automobiles)
56.4%
Roots
34%
Lacoste
1.6%
Polo Ralph Lauren
5.8%
Smartphones BP (Oil/Gas Company)
54.4%
Huawei
3.8%
Blackberry
8.4%
LG
24.5%
International Organizations Nestlé (Food Processing)
51%
Amnesty International
26%
CARE
8%
WHO
8.5%
Instant Messaging Dropbox (File Hosting)
49.8%
Discord
26.8%
WhatsApp
10%
Skype
4.2%
WHMIS Hazard Symbols Do Not Bleach (Laundry Symbols)
46.6%
Oxidizing
8.4%
Carcinogen
20.2%
Explosive
16.9%
Gas Stations John Deere (Heavy Equipment)
42.1%
Wawa
17.6%
Eni
24.1%
Husky Energy
7.7%
Social Media Publix (Grocery Store)
33.7%
Twitter
10.1%
LinkedIn
6.1%
StumbleUpon
44.9%
Entertainment DC Shoes (Apparel)
32.9%
DreamWorks Pictures
38.2%
Legendary Entertainment
9.8%
Screen Gems
10.9%
Alcohol Rolex (Watchmaker)
30.8%
Sapporo
41.2%
Guinness
6.3%
Bacardi
13.1%
Come Together.
Have Fun.
All Virtual.
We all need to come together. Play Sporcle's virtual live trivia to have fun, connect with people, and get your trivia on. Join a live hosted trivia game for your favorite pub trivia experience done virtually. If a virtual private party is more your thing, go here for details.

You're not logged in!

Compare scores with friends on all Sporcle quizzes.
OR
Log In

Sporcle TV

Today on Sporcle TV


Watch our educational content, quiz creation guides, and fun videos on Sporcle TV.

Show Comments

Extras

Top Quizzes Today


Score Distribution

Paid Content

Your Account Isn't Verified!

In order to create a playlist on Sporcle, you need to verify the email address you used during registration. Go to your Sporcle Settings to finish the process.

Report this User

Report this user for behavior that violates our Community Guidelines.

Details: